000
00314nam a22001457a 4500
008
210428b ||||| |||| 00| 0 eng d
020
_a
2900803618083
041
_a
eng
080
_a
61
082
_a
61
100
_a
3
101
_a
SHM
245
_a
Evidence into Practice
_c
Laurita M.Hack
942
_2
udc
_c
BK
999
_c
56910
_d
56910